|
|
|
|
| LEADER |
00624nam a2200193Ia 4500 |
| 008 |
140316s9999 xx 000 0 und d |
| 020 |
|
|
|a 9788190551090
|
| 082 |
|
|
|a 595.772
|b VIJ/KO
|
| 100 |
|
|
|
| 245 |
|
|
|a Kothukujanya rogangal : manthu muthal chikengunia vare
|
| 250 |
|
|
|a 3
|
| 260 |
|
|
|a Thrissur
|b KSSP
|c 2010
|
| 300 |
|
|
|a 88
|
| 650 |
|
|
|a mosquitoes in kerala,nature ,controling maleria,denki
|
| 650 |
|
|
|
| 700 |
|
|
|a Vijayakumar,K
|
| 942 |
|
|
|2 ddc
|c BK
|
| 999 |
|
|
|c 10684
|d 10684
|
| 952 |
|
|
|0 0
|1 0
|2 ddc
|4 0
|6 595_772000000000000_VIJKO
|7 0
|9 11888
|a KAUCLV
|b KAUCLV
|c GENERAL
|d 2014-03-18
|o 595.772 VIJ/KO
|p 219330
|r 2014-03-18
|w 2014-03-18
|y BK
|